000 00381nam a2200157Ia 4500
008 210716s2012 xx 000 0 und d
020 _a9788173717710
041 _aeng
082 _a005.133 BICR
100 _aBIchkar, R S.
245 _aProgramming with c.
250 _a1
260 _aHyderabad
_bUniversities Press
_c2012
300 _axviii,653
650 _aC Programming
999 _c192993
_d192993